Una dictadura conservadora / (Record no. 26971)

MARC details
000 -LEADER
campo de control de longitud fija 00762nam a2200217 i 4500
001 - NÚMERO DE CONTROL
campo de control 26971
003 - IDENTIFICADOR DE NÚMERO DE CONTROL
campo de control ES-MaACL
005 - FECHA Y HORA DE LA ÚLTIMA TRANSACCIÓN
campo de control 20230906153532.0
007 - CAMPO FIJO DE DESCRIPCIÓN FÍSICA--INFORMACIÓN GENERAL
campo de control de longitud fija t|
008 - DATOS DE LONGITUD FIJA--INFORMACIÓN GENERAL
campo de control de longitud fija 030113s1948 ag ||||1| spa d
100 1# - ENTRADA PRINCIPAL--NOMBRE DE PERSONA
Nombre de persona Ashley, Maurice.
9 (RLIN) 23602
245 14 - MENCIÓN DEL TÍTULO
Título Una dictadura conservadora /
Mención de responsabilidad, etc. Maurice Ashley, Oliver Cromwell ; [traducción directa por Ana Rosa R. de Gelnijovich].
260 ## - PUBLICACIÓN, DISTRIBUCIÓN, ETC.
Lugar de publicación, distribución, etc. Buenos Aires :
Nombre del editor, distribuidor, etc. Losada,
Fecha de publicación, distribución, etc. [1948] (
Fabricante Bartolomé U. Chiesino)
300 ## - DESCRIPCIÓN FÍSICA
Extensión 342 p., 8 lám. ;
Dimensiones 23 cm.
490 1# - MENCIÓN DE SERIE
Mención de serie Biografías históricas y novelescas
700 1# - ENTRADA AGREGADA--NOMBRE PERSONAL
Nombre de persona Cromwell, Oliver.
9 (RLIN) 41689
700 1# - ENTRADA AGREGADA--NOMBRE PERSONAL
Nombre de persona Gelnijovich, Ana Rosa R. de.
9 (RLIN) 56276
830 0# - PUNTO DE ACCESO ADICIONAL DE SERIE-TÍTULO UNIFORME
Título uniforme Biografías históricas y novelescas
9 (RLIN) 180395
852 ## - LOCALIZACIÓN
Ubicación ES-MaACL
Número de control de estantería B-1542
Sublocalización o colección R.29446
Holdings
Estatus retirado Estado de pérdida Estado de daño No para préstamo Biblioteca de origen Biblioteca actual Ubicación en estantería Fecha de adquisición Fuente de adquisición Total de préstamos Signatura topográfica completa Código de barras Visto por última vez Precio de reemplazo Tipo de ítem Koha
        Biblioteca del Ateneo de Madrid Biblioteca del Ateneo de Madrid Sala Pardo Bazán 17/01/2008     B-1542 1027840 23/02/2023 23/02/2023 Libro impreso